书目信息 |
| 题名: |
AutoCAD 2018室内设计从入门到精通
|
|
| 作者: | 周晓飞 , 李秀峰 编著 | |
| 分册: | ||
| 出版信息: | 北京 电子工业出版社 2017.11 |
|
| 页数: | 528页 | |
| 开本: | 26cm | |
| 丛书名: | ||
| 单 册: | ||
| 中图分类: | TU238.2-39 | |
| 科图分类: | ||
| 主题词: | 室内装饰设计--shi nei zhuang shi she ji--计算机辅助设计--AutoCAD软件 | |
| 电子资源: | ||
| ISBN: | 978-7-121-32854-1 | |
| 000 | 01239nam0 2200277 450 | |
| 001 | 0106081810 | |
| 005 | 20201109084328.98 | |
| 010 | @a978-7-121-32854-1@dCNY79.00 | |
| 100 | @a20181129e20192017em y0chiy50 ea | |
| 101 | 0 | @achi |
| 102 | @aCN@b110000 | |
| 105 | @ay z 000yy | |
| 106 | @ar | |
| 200 | 1 | @aAutoCAD 2018室内设计从入门到精通@AAutoCAD 2018 shi nei she ji cong ru men dao jing tong@f周晓飞, 李秀峰编著 |
| 205 | @a2版 | |
| 210 | @a北京@c电子工业出版社@d2017.11@h2019.06 | |
| 215 | @a528页@d26cm@e1光盘 | |
| 300 | @a技能应用速成系列 | |
| 307 | @a附光盘:ISBN 978-7-89394-334-8 | |
| 330 | @a本书分为四篇共16章,介绍了软件界面和基础操作、绘图环境的设置、绘制基本几何图元、几何图元的编辑和细化、创建复合图形结构模块、室内资源的组织与共享、室内设计中的文字标注与尺寸标注、三维建模功能和三维编辑功能、室内绘图样板制作、室内布置图设计、室内吊顶图设计、室内空间立面设计、室内详图与大样设计、KTV包厢设计、办公家具空间设计、室内图纸的后期输出等内容。 | |
| 606 | 0 | @a室内装饰设计@Ashi nei zhuang shi she ji@x计算机辅助设计@xAutoCAD软件 |
| 690 | @aTU238.2-39@v5 | |
| 701 | 0 | @a周晓飞@Azhou xiao fei@4编著 |
| 701 | 0 | @a李秀峰@Ali xiu feng@4编著 |
| 801 | 0 | @aCN@bBJSZM@c20201106 |
| 905 | @b1191740-3@dTU238.2-39@e1651=2@f4 | |
| AutoCAD 2018室内设计从入门到精通/周晓飞, 李秀峰编著.-2版.-北京:电子工业出版社,2017.11(2019.06) |
| 528页;26cm+1光盘 |
| 技能应用速成系列 |
| ISBN 978-7-121-32854-1:CNY79.00 |
| 本书分为四篇共16章,介绍了软件界面和基础操作、绘图环境的设置、绘制基本几何图元、几何图元的编辑和细化、创建复合图形结构模块、室内资源的组织与共享、室内设计中的文字标注与尺寸标注、三维建模功能和三维编辑功能、室内绘图样板制作、室内布置图设计、室内吊顶图设计、室内空间立面设计、室内详图与大样设计、KTV包厢设计、办公家具空间设计、室内图纸的后期输出等内容。 |
| ● |
| 相关链接 |
|
|
|
|
正题名:AutoCAD 2018室内设计从入门到精通
索取号:TU238.2-39/1651=2
 
预约/预借
| 序号 | 登录号 | 条形码 | 馆藏地/架位号 | 状态 | 备注 |
| 1 | 1191740 | 211917407 | 第二样本阅览室/ [索取号:TU238.2-39/1651=2] | 在馆 | |
| 2 | 1191741 | 211917416 | 第三借阅区/ [索取号:TU238.2-39/1651=2] | 在馆 | |
| 3 | 1191742 | 211917425 | 第三借阅区/ [索取号:TU238.2-39/1651=2] | 在馆 | |
| 4 | 1191743 | 211917434 | 第三借阅区/ [索取号:TU238.2-39/1651=2] | 在馆 |